El principe de la niebla / (Registro nro. 60052)

Detalles MARC
000 -LDR (LÍDER)
fixed length control field 00778cam a2200253 a 4500
008 - FIXED-LENGTH DATA ELEMENTS--GENERAL INFORMATION
fixed length control field 160331s2015 ck gr 000 fdspa
020 ## - ISBN
ISBN 9789584271563
040 ## - FUENTE DE CATALOGACIÓN
Agencia catalogadora original CO-BoBN
Idioma de la agencia catalogadora spa
Agencia que transcribe CO-BoBN
Norma para la descripción rda
082 04 - Clasificación Dewey
Clasificación Dewey Co863.64
Clave de autor R934p
Edition number 23
084 ## - Clasificación facetada
Número de clasificación N RUI6
100 1# - Autor
Nombre Ruíz Zafón, Carlos,
Fechas asociadas al nombre 1964-2020
Termino relación autor
9 (RLIN) 51956
245 13 - Título
Título El principe de la niebla /
Mención de responsabilidad Carlos Ruiz Zafón
250 ## - Edición
Edición Cuarta edición
264 #1 - Pie de imprenta
Ciudad de publicación Bogotá
Editorial Editoria Planeta
Año 2025
300 ## - Descripción física
Extensión 232 páginas
Dimensiones 19 cm
336 ## - Tipo de Contenido
Tipo de contenido texto
Código de tipo de contenido txt
Fuente rdacontenido
337 ## - Tipo de Medio
Tipo de Medio sin mediación
Código de tipo de medio n
Fuente rdamedio
338 ## - Tipo de soporte
Tipo de soporte volumen
Código de tipo de soporte nc
Fuente rdasoporte
490 0# - Serie
Serie Planeta lector. Contemporáneo
650 14 - Asiento secundario de materia - término temático
Encabezamiento temático Novela española
Subdivisión cronológica Siglo XX
Fuente del encabezado o término LEMB
942 ## - Información adicional
Tipo de material Libro Literatura
650 14 - Asiento secundario de materia - término temático
-- 562
Existencias
Estado de pérdida Fuente del sistema de clasificación o colocación Estado de daño Koha normalized classification for sorting Not for loan Biblioteca Biblioteca actual Localización Fecha de adquisición Koha issues (times borrowed) Signatura topográfica Código de barras Koha date last seen Ejemplar Price effective from Tipo de ítem Colección
  Dewey Decimal Classification   N_RUI6P   Biblioteca Pública Dorado Biblioteca Pública Dorado   02/17/2026   N RUI6p DOR03280 02/17/2026   02/17/2026 LIbro  
  Dewey Decimal Classification   CO_863_640000000000000_R934P   Biblioteca Pública José Eustasio Rivera - San Martin Biblioteca Pública José Eustasio Rivera - San Martin General 03/11/2026   Co863.64 R934p SM04476 03/11/2026   03/11/2026 LIbro Colección General
  Dewey Decimal Classification   CO_863_640000000000000_R934P   Biblioteca Pública Puerto López - Jorge Eliecer Gaitán Biblioteca Pública Puerto López - Jorge Eliecer Gaitán General 02/14/2026   Co863.64 R934p PLZ04382 02/14/2026   02/14/2026 LIbro Sala General
  Dewey Decimal Classification   CO_863_640000000000000_R934P   Biblioteca Pública Departamental Eduardo Carranza - Villavicencio Biblioteca Pública Departamental Eduardo Carranza - Villavicencio Literatura 12/03/2025   Co863.64 R934p ECA28801 12/03/2025 Ej.1 12/03/2025 LIbro  
  Dewey Decimal Classification   N_RUI6   Biblioteca Pública Guamal Biblioteca Pública Guamal Literatura 03/18/2026   N RUI6 GUA005092 03/18/2026   03/18/2026 Libro Literatura Colección General
  Dewey Decimal Classification   CO_863_640000000000000_R934P   Biblioteca Pública Mapiripan - Jorge Eliecer Gaitán Biblioteca Pública Mapiripan - Jorge Eliecer Gaitán Literatura 05/14/2026   Co863.64 R934p MPJG01312 05/14/2026   05/14/2026 Libro Literatura Literatura General
  Clasificación Local Facetada   N R U I6   Biblioteca Pública San Juanito - Ernesto Maria Peña Romero Biblioteca Pública San Juanito - Ernesto Maria Peña Romero Literatura 02/27/2026   N RUI6 SJU02820 02/27/2026   02/27/2026 Libro Literatura Literatura General









Instituto Departamental de Cultura del Meta - Red Departamental de Bibliotecas Públicas del Meta.